[Event "Las Palmas"]
[Site "Las Palmas"]
[Date "1973.??.??"]
[Round "1"]
[White "Diez del Corral, Jesus"]
[Black "Huguet, Bernard"]
[Result "1-0"]
[WhiteElo "2470"]
[BlackElo "2255"]

1.e4 c5 2.Nf3 d6 3.d4 cxd4 4.Nxd4 Nf6 5.Nc3 e6 6.g4 h6 7.g5 hxg5 8.Bxg5 a6
9.Bg2 Bd7 10.Qe2 Nc6 11.O-O-O Be7 12.h4 g6 13.Nxc6 Bxc6 14.Qe3 Qc7 15.Bh3 O-O-O
16.Qd4 Nh5 17.Nd5 Bxg5+ 18.hxg5 Qa5 19.Ne7+ Kc7 20.Nxc6 Kxc6 21.Bf1 Qxg5+
22.Kb1 Qc5 23.Qa4+ Kb6 24.Rh3 Ka7 25.Rc3 Qb6 26.Rb3 Qc7 27.Rd4 Nf6 28.Rdb4 Rh1
29.Rxb7+ Qxb7 30.Rxb7+ Kxb7 31.Qxa6+ Kc7 32.a4 Nxe4 33.Ka2 Nc5 34.Qa7+ Nb7
35.Bg2  1-0

[Event "Las Palmas"]
[Site "Las Palmas"]
[Date "1973.??.??"]
[Round "1"]
[White "Hort, Vlastimil"]
[Black "Petrosian, Tigran V"]
[Result "1/2-1/2"]
[WhiteElo "2600"]
[BlackElo "2645"]

1.c4 Nf6 2.Nf3 b6 3.g3 Bb7 4.Bg2 e6 5.d4 Be7 6.O-O O-O 7.Nc3 Ne4 8.Qc2 Nxc3
9.Qxc3 Be4 10.b3 f5 11.Bb2 Bf6 12.Ne1 Bxg2 13.Nxg2 c5  1/2-1/2

[Event "Las Palmas"]
[Site "Las Palmas"]
[Date "1973.??.??"]
[Round "1"]
[White "Hug, Werner"]
[Black "Ribli, Zoltan"]
[Result "0-1"]
[WhiteElo "2475"]
[BlackElo "2505"]

1.g3 g6 2.Bg2 Bg7 3.e4 c5 4.d3 Nc6 5.Ne2 e6 6.O-O Nge7 7.Nbc3 O-O 8.Be3 Nd4
9.Qd2 d6 10.Nf4 Rb8 11.Rae1 b5 12.Nd1 e5 13.Ne2 Be6 14.f4 a5 15.Nc1 Qb6 16.fxe5 Bxe5
17.Bh6 Rfe8 18.c3 Ndc6 19.Ne3 Bh8 20.Kh1 Ne5 21.Rf2 f6 22.Bf4 Nf7 23.g4 b4
24.h3 bxc3 25.bxc3 a4 26.Nd5 Nxd5 27.exd5 Bd7 28.Ref1 a3 29.Bf3 Ne5 30.Bd1 Qa6
31.Bb3 c4 32.dxc4 Nxc4 33.Bxc4 Qxc4 34.Bxd6 Rb5 35.Qd4 Qxd4 36.cxd4 Rxd5
37.Bxa3 Rxd4 38.Bb2 Rd6 39.Kh2 Bb5 40.Rg1 Bg7 41.Rc2 Bh6 42.Kg3 Re3+ 43.Kf2 Rxh3
44.Rc8+ Kf7 45.Kg2 Re3 46.Rc7+ Ke6 47.Nb3 Re2+ 48.Kf3 Rd3+ 49.Kxe2 Rxb3+
50.Kf2 Rxb2+ 51.Kg3 Be3 52.Rd1 g5  0-1

[Event "Las Palmas"]
[Site "Las Palmas"]
[Date "1973.??.??"]
[Round "1"]
[White "Saidy, Anthony Fred"]
[Black "Gheorghiu, Florin"]
[Result "0-1"]
[WhiteElo "2425"]
[BlackElo "2520"]

1.c4 g6 2.d4 Bg7 3.Nc3 d6 4.Nf3 Nf6 5.g3 O-O 6.Bg2 Nc6 7.O-O a6 8.h3 Rb8
9.Be3 b5 10.Nd2 Bd7 11.Rc1 Na5 12.cxb5 axb5 13.b4 Nc4 14.Nxc4 bxc4 15.b5 d5
16.Bg5 c6 17.Qd2 cxb5 18.Bxf6 exf6 19.Nxd5 Bxh3 20.Bxh3 Qxd5 21.Bg2 Qg5 22.Qxg5 fxg5
23.e3 Rfc8 24.Bd5 Rd8 25.Bg2 Rdc8 26.Bd5 Bf8 27.Rc2 Kg7 28.Rb1 c3 29.Rb3 b4
30.Rb1 g4 31.Kf1 f5 32.Ke2 Rb5 33.Be6 Rcb8 34.Kd3 R5b6 35.Bc4 h5 36.Rh1 Be7
37.Rcc1 Ra8 38.Rc2 Rd6 39.Bb3 Rdd8 40.Rcc1 Rh8 41.Rc2 Bf6 42.Kc4 Be7 43.Kd3 Ra6
44.Bc4 Ra3 45.Bb3 Rd8 46.Re2 Ra7 47.Be6 Kf6 48.Bb3 Kg5 49.Rc2 Bf6 50.Kc4 Rc7+
51.Kd3 Rcd7 52.Ba4 Ra7 53.Bb3 Kh6 54.Be6 Re7 55.Bb3 Red7 56.Kc4 Rc7+ 57.Kd3 g5
58.Re2 Kg6 59.Ree1 h4 60.d5 hxg3 61.fxg3 c2 62.Rc1 Rc3+ 63.Kd2 Re8 64.Rxc2 Rexe3
65.Rxc3 Rxc3 66.Re1 Rxb3  0-1

[Event "Las Palmas"]
[Site "Las Palmas"]
[Date "1973.??.??"]
[Round "2"]
[White "Hug, Werner"]
[Black "Calvo Minguez, Ricardo"]
[Result "1/2-1/2"]
[WhiteElo "2475"]
[BlackElo "2330"]

1.e4 c5 2.Nc3 Nc6 3.f4 g6 4.Nf3 Bg7 5.Bb5 Nd4 6.Nxd4 cxd4 7.Ne2 e6 8.c3 dxc3
9.bxc3 a6 10.Bd3 Ne7 11.O-O d6 12.a4 O-O 13.Rb1 Nc6 14.Ba3 Re8 15.Qb3 d5
16.e5 Na5 17.Qb6 Bf8 18.Bxf8 Qxb6+ 19.Rxb6 Kxf8 20.Nd4 Bd7 21.Nb3 Nxb3 22.Rxb3 Bc6
23.a5 Ke7 24.Rfb1 Red8 25.Rb4 Rd7 26.Rd4 Rc7 27.Kf2 h5 28.g3 Rh8 29.h4 Rd8
30.Ke3 Rdd7 31.Rdb4 Rc8 32.Kd4 Rcc7 33.Be2 Rc8 34.Rh1 Rcc7 35.Rb6 Rd8 36.Rhb1 Rdd7
37.Rg1 Rd8 38.Rb4 Rdd7 39.Rb2 Rc8 40.Rbb1 Rdd8 41.Rb4 Rd7  1/2-1/2

[Event "Las Palmas"]
[Site "Las Palmas"]
[Date "1973.??.??"]
[Round "2"]
[White "Panno, Oscar"]
[Black "Diez del Corral, Jesus"]
[Result "1-0"]
[WhiteElo "2570"]
[BlackElo "2470"]

1.c4 Nf6 2.Nc3 e6 3.Nf3 d5 4.d4 Be7 5.Bg5 O-O 6.e3 a6 7.Rc1 Nbd7 8.a4 c6
9.Bd3 dxc4 10.Bxc4 b5 11.Bd3 bxa4 12.Bxf6 Nxf6 13.Nxa4 Qa5+ 14.Ke2 Bd7 15.Nc5 Bxc5
16.Rxc5 Qb4 17.Qc2 Rfb8 18.Rb1 a5 19.Ne5 a4 20.Nxd7 Nxd7 21.Rxc6 g6 22.h3 Nb6
23.Qc5 Nd5 24.Qxb4 Nxb4 25.Rc3 Nxd3 26.Kxd3 a3 27.b3 Kf8 28.Ra1 Ke7 29.Kc2 Kd6
30.Kb1 e5 31.Ka2 Rb5 32.dxe5+ Rxe5 33.Rd1+ Rd5 34.Rxd5+ Kxd5 35.Rc4 Ra6 36.Ra4  1-0

[Event "Las Palmas"]
[Site "Las Palmas"]
[Date "1973.??.??"]
[Round "2"]
[White "Petrosian, Tigran V"]
[Black "Ree, Hans"]
[Result "1-0"]
[WhiteElo "2645"]
[BlackElo "2480"]

1.c4 e6 2.g3 d5 3.Bg2 Nf6 4.Nf3 c5 5.cxd5 Nxd5 6.O-O Nc6 7.d4 Be7 8.dxc5 O-O
9.Qc2 Ndb4 10.Qe4 f5 11.Qc4 Qd5 12.Na3 Qxc5 13.Bg5 h6 14.Bxe7 Qxe7 15.Rfd1 a6
16.Qb3 Bd7 17.Nc4 Be8 18.Nb6 Rd8 19.a3 Nd5 20.Nxd5 exd5 21.e3 Bf7 22.Nd4 Nxd4
23.Rxd4 Kh7 24.Rad1 Rd7 25.Qd3 Qe5 26.b4 Rfd8 27.h4 h5 28.Rc1 Kh6 29.Rc5 g6
30.Qc2 Kh7 31.Bf3 Be6 32.Kh2 Rf7 33.Qc3 Re7 34.a4 Bg8 35.Qd3 Red7 36.b5 axb5
37.Rxb5 Bf7 38.Qb1 Qe7 39.Rdb4 d4 40.exd4 f4 41.Rxh5+  1-0

[Event "Las Palmas"]
[Site "Las Palmas"]
[Date "1973.??.??"]
[Round "2"]
[White "Ribli, Zoltan"]
[Black "Gheorghiu, Florin"]
[Result "1/2-1/2"]
[WhiteElo "2505"]
[BlackElo "2520"]

1.Nf3 Nf6 2.c4 g6 3.g3 Bg7 4.Bg2 O-O 5.O-O c5 6.Nc3 Nc6 7.d4 cxd4 8.Nxd4 Nxd4
9.Qxd4 d6 10.Qd3 a6 11.Be3 Ng4 12.Bd4 Ne5 13.Qd1 Rb8 14.Rc1 Be6 15.Nd5 b5
16.cxb5 Bxd5 17.Bxd5 axb5 18.f4 Nd7 19.Ba7 Rc8 20.Qd2 Nc5 21.b4 Qc7 22.Bxc5 dxc5
23.Rxc5 Qa7 24.Kg2  1/2-1/2

[Event "Las Palmas"]
[Site "Las Palmas"]
[Date "1973.??.??"]
[Round "3"]
[White "Stein, Leonid"]
[Black "Panno, Oscar"]
[Result "1/2-1/2"]
[WhiteElo "2620"]
[BlackElo "2570"]

1.e4 g6 2.d4 Bg7 3.c4 d6 4.Nc3 Nf6 5.Be2 O-O 6.Nf3 e5 7.O-O Nc6 8.d5 Ne7
9.Nd2 c5 10.Rb1 Ne8 11.b4 b6 12.bxc5 bxc5 13.Nb3 f5 14.f3 Kh8 15.Bd2 Ng8
16.Qc2 Nh6 17.Rb2 Nf6 18.Nc1 fxe4 19.fxe4 Nf7 20.Nd3 Bh6  1/2-1/2

[Event "Las Palmas"]
[Site "Las Palmas"]
[Date "1973.??.??"]
[Round "3"]
[White "Ree, Hans"]
[Black "Darga, Klaus"]
[Result "0-1"]
[WhiteElo "2480"]
[BlackElo "2540"]

1.e4 c5 2.Nf3 e6 3.d4 cxd4 4.Nxd4 a6 5.Nc3 Qc7 6.g3 Bb4 7.Ne2 Nf6 8.Bg2 d6
9.O-O Nbd7 10.h3 O-O 11.g4 Rd8 12.g5 Ne8 13.f4 b5 14.h4 Bb7 15.a3 Bc5+ 16.Kh1 Rac8
17.Qe1 Nf8 18.f5 exf5 19.Rxf5 Ng6 20.Rf1 Qe7 21.Qg3 Nc7 22.Bd2 Ne6 23.Rae1 Nd4
24.Nxd4 Bxd4 25.Rf5 Ne5 26.Re2 Nc4 27.Qd3 Be5 28.Ref2 Nxb2 29.Nd5 Bxd5 30.Qxd5 Qe6
31.Rxf7 Qxd5 32.exd5 Rxc2 33.Ba5 Rxf2 34.Rxf2 Rf8 35.Rc2 Nc4 36.Bb4 Rf4 37.Be1 Rd4
38.Kg1 Rd1 39.Kf2 Ra1 40.Bb4 a5  0-1

[Event "Las Palmas"]
[Site "Las Palmas"]
[Date "1973.??.??"]
[Round "3"]
[White "Diez del Corral, Jesus"]
[Black "Hug, Werner"]
[Result "1/2-1/2"]
[WhiteElo "2470"]
[BlackElo "2475"]

1.d4 Nf6 2.c4 d6 3.Nc3 Nbd7 4.e4 e5 5.Nf3 Be7 6.Be2 O-O 7.O-O c6 8.Re1 Re8
9.Bf1 Bf8 10.d5 a5 11.b3 Nc5 12.Rb1 Bd7 13.a3 cxd5 14.cxd5 Qb8 15.a4 g6 16.Bg5 Be7
17.h3 Qd8 18.Bc1 Bf8 19.Nd2 Bh6 20.Nc4 Bxc1 21.Qxc1 Qc7 22.f4 exf4 23.Qxf4 Ncxe4
24.Nxe4 Nxe4 25.Rxe4 Rxe4 26.Qxe4 Bf5 27.Qe1 Qc5+ 28.Kh1 Bxb1 29.Qxb1 Re8
30.Qd3 Re1 31.Qf3 f5 32.g4 fxg4 33.hxg4 Re8 34.Qg3 Qxd5+ 35.Bg2 Qg5  1/2-1/2

[Event "Las Palmas"]
[Site "Las Palmas"]
[Date "1973.??.??"]
[Round "3"]
[White "Calvo Minguez, Ricardo"]
[Black "Ribli, Zoltan"]
[Result "1/2-1/2"]
[WhiteElo "2330"]
[BlackElo "2505"]

1.c4 g6 2.Nc3 c5 3.g3 Bg7 4.Bg2 Nc6 5.d3 e6 6.e3 Nge7 7.Nge2 d5 8.O-O O-O
9.b3 d4 10.exd4 Nxd4 11.Nxd4 Bxd4 12.Bb2 Nc6 13.Bxc6 bxc6 14.Qe2 e5 15.Ne4 Bh3
16.Rfe1 f6 17.Bxd4 cxd4 18.f3 Bf5 19.g4  1/2-1/2

[Event "Las Palmas"]
[Site "Las Palmas"]
[Date "1973.??.??"]
[Round "3"]
[White "Gheorghiu, Florin"]
[Black "Ljubojevic, Ljubomir"]
[Result "1/2-1/2"]
[WhiteElo "2520"]
[BlackElo "2550"]

1.Nf3 Nf6 2.c4 b6 3.g3 Bb7 4.Bg2 c5 5.O-O g6 6.b3 Bg7 7.Bb2 O-O 8.Nc3 Na6
9.Rc1 d6 10.d4 Qd7 11.e3 Rad8 12.Qe2 Qc8 13.Rfd1 Qa8 14.d5 Nc7 15.Re1 b5
16.e4 bxc4 17.bxc4 Nd7 18.Rb1 Rb8 19.Nb5 Nxb5 20.Bxg7 Kxg7 21.Rxb5 Ba6 22.Rb3 f6
23.Reb1 Rb6  1/2-1/2

[Event "Las Palmas"]
[Site "Las Palmas"]
[Date "1973.??.??"]
[Round "4"]
[White "Ribli, Zoltan"]
[Black "Ljubojevic, Ljubomir"]
[Result "1-0"]
[WhiteElo "2505"]
[BlackElo "2550"]

1.Nf3 g6 2.d4 Bg7 3.c4 d6 4.Nc3 Bg4 5.g3 Qd7 6.Bg2 Bh3 7.O-O Bxg2 8.Kxg2 Nf6
9.e4 Nc6 10.d5 Na5 11.Qe2 c5 12.e5 dxe5 13.Nxe5 Qc8 14.Bd2 O-O 15.Na4 Qc7
16.Rac1 b5 17.cxb5 Nb7 18.b4 Nxd5 19.Nf3 c4 20.Rxc4 Qd7 21.Rc6 Nd6 22.Nc5 Qf5
23.a4 Rfe8 24.Qd3 Qxd3 25.Nxd3 Ne4 26.Re1 Nxd2 27.Nxd2 Bc3 28.Re2 Red8 29.Ne4 Bxb4
30.Nxb4 Nxb4 31.Rc4 Nd5 32.Nc3 Nxc3 33.Rxc3 Rd7 34.Rec2 Rd4 35.a5 Rb4 36.Rc8+ Rxc8
37.Rxc8+ Kg7 38.Rb8 Rb3 39.a6 Ra3 40.Rb7 Ra5 41.Kf3 Kf6 42.Ke4 Ke6 43.Kd4 Kd6
44.Kc4 Ra2 45.Rxa7 Rxf2 46.b6  1-0

[Event "Las Palmas"]
[Site "Las Palmas"]
[Date "1973.??.??"]
[Round "4"]
[White "Darga, Klaus"]
[Black "Saidy, Anthony Fred"]
[Result "1/2-1/2"]
[WhiteElo "2540"]
[BlackElo "2425"]

1.Nf3 Nf6 2.c4 c6 3.g3 d5 4.Bg2 Bg4 5.cxd5 cxd5 6.Ne5 Bf5 7.Nc3 Nbd7 8.Qa4 e6
9.g4 Bc2 10.b3 Bd6 11.Nxd7 Qxd7 12.Nb5 Be5 13.d4 Bb8 14.Ba3 a6 15.Nc3 Ne4
16.Bxe4 Bxe4  1/2-1/2

[Event "Las Palmas"]
[Site "Las Palmas"]
[Date "1973.??.??"]
[Round "4"]
[White "Hug, Werner"]
[Black "Stein, Leonid"]
[Result "1/2-1/2"]
[WhiteElo "2475"]
[BlackElo "2620"]

1.e4 Nf6 2.Nc3 d6 3.g3 g6 4.Bg2 Bg7 5.d3 O-O 6.f4 c6 7.Nh3 e5 8.O-O exf4
9.Nxf4 Nbd7 10.Kh1 b5 11.Be3 Bb7 12.Qd2 b4 13.Nce2 c5 14.h3 Nb6 15.Rae1 Qc7
16.Bg1 Rfe8 17.g4 Nfd7 18.c3 bxc3 19.Nxc3 Ne5 20.Bh2 a5 21.Rf2 Rab8 22.Ref1 a4
23.Nfd5 Bxd5 24.exd5 Qa7 25.Ne4 Qe7  1/2-1/2

[Event "Las Palmas"]
[Site "Las Palmas"]
[Date "1973.??.??"]
[Round "4"]
[White "Panno, Oscar"]
[Black "Kavalek, Lubomir"]
[Result "1/2-1/2"]
[WhiteElo "2570"]
[BlackElo "2555"]

1.Nf3 Nf6 2.c4 g6 3.b4 Bg7 4.Bb2 O-O 5.e3 d6 6.d3 e5 7.Be2 a5 8.a3 e4 9.Nd4 exd3
10.Qxd3 Na6 11.Qb3 Bg4 12.O-O c5 13.bxc5 Nxc5 14.Qc2 Bxe2 15.Nxe2 Qb6 16.Nd2 Rac8
17.Rab1 Qa6 18.Nf4 Ncd7 19.Qb3 g5 20.Bxf6 Nxf6 21.Nd3 d5 22.cxd5 Rfd8 23.Nf3 Rxd5
24.Nd4 Rcd8 25.Rfd1 Ne4 26.Ne1 Bxd4 27.exd4 Rxd4 28.Rxd4 Rxd4 29.Qe3 Qf6  1/2-1/2

[Event "Las Palmas"]
[Site "Las Palmas"]
[Date "1973.??.??"]
[Round "4"]
[White "Calvo Minguez, Ricardo"]
[Black "Diez del Corral, Jesus"]
[Result "1/2-1/2"]
[WhiteElo "2330"]
[BlackElo "2470"]

1.d4 Nf6 2.Nf3 e6 3.c4 Bb4+ 4.Bd2 Qe7 5.e3 Bxd2+ 6.Nbxd2 d6 7.Be2 O-O 8.O-O Nc6
9.a3 a5 10.b3 e5 11.d5 Nb8 12.Qc2 Na6 13.Rab1 c5 14.Ng5 h6 15.Nge4 Nxe4 16.Nxe4 f5
17.Nc3 Bd7  1/2-1/2

[Event "Las Palmas"]
[Site "Las Palmas"]
[Date "1973.??.??"]
[Round "5"]
[White "Stein, Leonid"]
[Black "Calvo Minguez, Ricardo"]
[Result "1/2-1/2"]
[WhiteElo "2620"]
[BlackElo "2330"]

1.e4 c5 2.Nf3 d6 3.d4 cxd4 4.Nxd4 Nf6 5.Nc3 a6 6.Bg5 e6 7.f4 Be7 8.Qf3 h6
9.Bh4 g5 10.fxg5 Nfd7 11.Bg3 Ne5 12.Qf2 hxg5 13.Be2 Qb6 14.O-O-O Nbc6 15.Na4 Qa7
16.Nxc6 Qxf2 17.Bxf2 bxc6 18.Nb6 Rb8 19.Bd4 Rxb6 20.Bxb6 c5 21.Ba5 Bb7 22.Bc3 Bxe4
23.Bf3 Bxf3  1/2-1/2

[Event "Las Palmas"]
[Site "Las Palmas"]
[Date "1973.??.??"]
[Round "5"]
[White "Saidy, Anthony Fred"]
[Black "Andersson, Ulf"]
[Result "1-0"]
[WhiteElo "2425"]
[BlackElo "2535"]

1.c4 c5 2.Nc3 e6 3.Nf3 Nf6 4.g3 b6 5.Bg2 Bb7 6.O-O Be7 7.d4 cxd4 8.Qxd4 Nc6
9.Qf4 O-O 10.Rd1 Qb8 11.Qxb8 Raxb8 12.Bf4 Rbc8 13.Ne5 d6 14.Nxc6 Bxc6 15.Bxd6 Bxd6
16.Rxd6 Bxg2 17.Kxg2 Rxc4 18.f3 Rfc8 19.Rad1 Kf8 20.e4 e5 21.Kf2 R4c5 22.g4 Ke8
23.Ke3 R5c6 24.R6d2 a6 25.g5 Nh5 26.Rd5 f6 27.gxf6 gxf6 28.Rd7 R6c7 29.Rxc7 Rxc7
30.Rd6 b5 31.Rxa6 b4 32.Nd5 Rc2 33.Ra7 h6 34.Rh7 Rxb2 35.Rxh6 Nf4 36.Nxf4 exf4+
37.Kxf4 Ke7 38.Kf5 Rxa2 39.Rxf6 Ra5+ 40.e5 Rb5 41.Rc6 b3 42.Rc7+ Kd8 43.Rc1 b2
44.Rb1 Ke7 45.f4 Rb4 46.h4 Kf7 47.h5 Rb5 48.Ke4 Kg7 49.f5 Rb4+ 50.Kd5 Rb5+
51.Kd6 Rb6+ 52.Kc5 Rb8 53.Kc6 Rb3 54.e6 Kf6 55.h6 Rc3+ 56.Kd7 Rd3+ 57.Ke8 Rb3
58.h7 Rb8+ 59.Kd7 Rb7+ 60.Kd6 Rxh7 61.Rxb2 Rh1 62.Rd2 Ra1 63.Kd7 Ra7+ 64.Ke8 Re7+
65.Kd8 Ra7 66.Rd6 Ra8+ 67.Kd7 Ra7+ 68.Ke8 Ra8+ 69.Rd8 Ra2 70.Rd7  1-0

[Event "Las Palmas"]
[Site "Las Palmas"]
[Date "1973.??.??"]
[Round "5"]
[White "Diez del Corral, Jesus"]
[Black "Ribli, Zoltan"]
[Result "1/2-1/2"]
[WhiteElo "2470"]
[BlackElo "2505"]

1.e4 c5 2.Nf3 d6 3.d4 cxd4 4.Nxd4 Nf6 5.Nc3 Nc6 6.Bg5 e6 7.Qd2 a6 8.O-O-O h6
9.Bf4 Bd7 10.Nxc6 Bxc6 11.f3 d5 12.Qe1 Bb4 13.a3 Ba5 14.e5 Nd7 15.Bd2 Bc7
16.f4 f6 17.exf6 Qxf6 18.g3 O-O-O 19.Bg2 Rhe8 20.Be3 e5 21.Nxd5  1/2-1/2

[Event "Las Palmas"]
[Site "Las Palmas"]
[Date "1973.??.??"]
[Round "5"]
[White "Ree, Hans"]
[Black "Huguet, Bernard"]
[Result "1/2-1/2"]
[WhiteElo "2480"]
[BlackElo "2255"]

1.c4 c5 2.Nf3 Nc6 3.d4 cxd4 4.Nxd4 g6 5.e4 Nf6 6.Nc3 Nxd4 7.Qxd4 d6 8.f3 Bg7
9.Be3 O-O 10.Qd2 Be6 11.Rc1 a6 12.b3 Rc8 13.Be2 Qa5 14.O-O Rc7 15.Kh1 Rfc8
16.Nd5 Qxd2 17.Bxd2 Bxd5 18.cxd5 Rxc1 19.Rxc1 Rxc1+ 20.Bxc1 Nd7 21.Kg1 Bd4+
22.Kf1 Kf8 23.Bd3 h5 24.Bd2 Ke8 25.Bc2 Kd8 26.Ke2 Kc7 27.a4 b5 28.axb5 axb5
29.Ba5+ Bb6 30.Bc3 Bg1 31.h3 Kb6 32.f4 Kc5 33.Ba5 b4 34.Bd8 e6 35.dxe6 fxe6
36.Be7 Kd4 37.Bxd6 Kc3 38.Kd1 Bh2 39.e5 Bxf4 40.Bxg6 h4 41.Bf7 Bxe5 42.Be7 Bf6
43.Bxf6+ Nxf6 44.Bxe6 Nh5 45.Bd5 Nf4 46.Be4 Kxb3 47.Kd2 Kc4 48.Ke3 Nd5+ 49.Kf3 Kd4
50.Bg6 Ke5  1/2-1/2

[Event "Las Palmas"]
[Site "Las Palmas"]
[Date "1973.??.??"]
[Round "5"]
[White "Ljubojevic, Ljubomir"]
[Black "Petrosian, Tigran V"]
[Result "1/2-1/2"]
[WhiteElo "2550"]
[BlackElo "2645"]

1.e4 e6 2.Nf3 d5 3.Nc3 Nf6 4.e5 Nfd7 5.d4 c5 6.dxc5 Bxc5 7.Bd3 Nc6 8.Bf4 f6
9.exf6 Nxf6 10.O-O O-O 11.Ne5 Bd7 12.Qe2 Qe7 13.Rae1 Rae8 14.a3 a6 15.Kh1 Bd4
16.Nxd7 Qxd7 17.Bd2 e5 18.f3 Kh8 19.Nd1  1/2-1/2

[Event "Las Palmas"]
[Site "Las Palmas"]
[Date "1973.??.??"]
[Round "5"]
[White "Gheorghiu, Florin"]
[Black "Darga, Klaus"]
[Result "1/2-1/2"]
[WhiteElo "2520"]
[BlackElo "2540"]

1.d4 Nf6 2.c4 e6 3.Nf3 b6 4.Nc3 Bb7 5.a3 d5 6.cxd5 exd5 7.Bg5 Nbd7 8.e3 Be7
9.Be2 O-O 10.O-O c5 11.Ne5 Nxe5 12.dxe5 Ne4 13.Nxe4 dxe4 14.Qxd8 Bxd8 15.Bf4 Be7
16.Rad1 Rfd8 17.Bc4  1/2-1/2

[Event "Las Palmas"]
[Site "Las Palmas"]
[Date "1973.??.??"]
[Round "6"]
[White "Ribli, Zoltan"]
[Black "Petrosian, Tigran V"]
[Result "1/2-1/2"]
[WhiteElo "2505"]
[BlackElo "2645"]

1.Nf3 Nf6 2.g3 d5 3.Bg2 e6 4.O-O Be7 5.d4 O-O 6.c4 Nbd7 7.Qc2 c6 8.b3 b6
9.Bb2 Bb7 10.Nc3 Rc8 11.Rad1 a5 12.e4 Ba6 13.Qe2  1/2-1/2

[Event "Las Palmas"]
[Site "Las Palmas"]
[Date "1973.??.??"]
[Round "6"]
[White "Huguet, Bernard"]
[Black "Saidy, Anthony Fred"]
[Result "0-1"]
[WhiteElo "2255"]
[BlackElo "2425"]

1.e4 c5 2.Nf3 Nc6 3.d4 cxd4 4.Nxd4 Nf6 5.Nc3 d6 6.Bg5 e6 7.Qd2 a6 8.O-O-O Bd7
9.f4 Be7 10.f5 Ne5 11.fxe6 fxe6 12.Nf3 Qc7 13.Be2 Rd8 14.Bxf6 Bxf6 15.Qxd6 Qa5
16.Rd5 exd5 17.Nxe5 Bg4  0-1

[Event "Las Palmas"]
[Site "Las Palmas"]
[Date "1973.??.??"]
[Round "6"]
[White "Hug, Werner"]
[Black "Hort, Vlastimil"]
[Result "1/2-1/2"]
[WhiteElo "2475"]
[BlackElo "2600"]

1.e4 c5 2.Nf3 Nc6 3.Bb5 g6 4.O-O Bg7 5.c3 Nf6 6.Re1 O-O 7.d4 cxd4 8.cxd4 d5
9.e5 Ne4 10.Nc3 Nxc3 11.bxc3 Na5 12.a4 Bf5 13.Ba3 a6 14.Bd3 Bg4 15.Rb1 Rc8
16.Bc5 Rc6 17.c4 Nxc4 18.Rxb7 Re8 19.Qc2 Bxf3 20.Bxc4 Qc8 21.Rb3 Bxg2 22.Kxg2 dxc4
23.Qxc4 e6 24.Qe2  1/2-1/2

[Event "Las Palmas"]
[Site "Las Palmas"]
[Date "1973.??.??"]
[Round "6"]
[White "Andersson, Ulf"]
[Black "Gheorghiu, Florin"]
[Result "1/2-1/2"]
[WhiteElo "2535"]
[BlackElo "2520"]

1.c4 c5 2.g3 g6 3.Bg2 Bg7 4.Nc3 Nc6 5.e3 e6 6.Nge2 Nge7 7.O-O O-O 8.d4 cxd4
9.Nxd4 Nxd4 10.exd4 d5 11.cxd5 Nxd5 12.Nxd5 exd5 13.Qb3 Be6 14.Be3 Qd7  1/2-1/2

[Event "Las Palmas"]
[Site "Las Palmas"]
[Date "1973.??.??"]
[Round "7"]
[White "Saidy, Anthony Fred"]
[Black "Panno, Oscar"]
[Result "1/2-1/2"]
[WhiteElo "2425"]
[BlackElo "2570"]

1.c4 g6 2.Nc3 Bg7 3.g3 e5 4.Bg2 d6 5.e3 Nf6 6.Nge2 O-O 7.O-O Re8 8.d3 c6
9.e4 Be6 10.h3 Qd7 11.Kh2 d5 12.b3 dxe4 13.dxe4 Na6 14.Be3 Qxd1 15.Raxd1 Bf8
16.Na4 Nd7 17.Nec3 Ndc5 18.Bf3 h5 19.Rd2 Be7 20.Rfd1 b6 21.h4 Nxa4 22.Nxa4 Rad8
23.Be2 Rxd2 24.Rxd2 Rd8 25.Rxd8+ Bxd8 26.a3 Bd7 27.Bd3 Nc7 28.Nc3 Ne6 29.Ne2 Be7
30.b4 Kf8 31.Kg2 Ke8 32.f3 Kd8 33.Kf2 Kc7 34.Bd2 a5 35.Bc3 f6 36.Ke3 axb4
37.axb4 c5 38.b5 Nd4 39.Bb2 g5 40.Nc3 Kd6 41.Nd5 Bd8 42.f4  1/2-1/2

[Event "Las Palmas"]
[Site "Las Palmas"]
[Date "1973.??.??"]
[Round "7"]
[White "Ree, Hans"]
[Black "Hug, Werner"]
[Result "1/2-1/2"]
[WhiteElo "2480"]
[BlackElo "2475"]

1.c4 d6 2.Nc3 e5 3.g3 Nf6 4.Bg2 c6 5.Nf3 Be7 6.O-O Nbd7 7.d4 Qc7 8.e4 Nf8
9.h3 Ng6 10.Qc2 h5 11.h4 Bd7 12.d5 c5 13.Nd1 Ng4 14.Ne1 O-O 15.f3 Nh6 16.Bxh6 gxh6
17.Ne3 Bf6 18.Nd3 Kh7 19.Nf2 Rg8 20.Nf5 Qd8 21.Nd1 Ne7 22.Kh2 Nxf5 23.exf5 Bxh4
24.f6+ Rg6 25.gxh4 Qxf6 26.Rf2 Qxh4+ 27.Kg1 Rg8 28.Ne3 Qf4 29.Re1 h4 30.Kf1 h3
31.Bh1 f5 32.Ke2 Rg1 33.Ref1 R8g5 34.Ng4 Rxf1 35.Rxf1 Kg7 36.Nf2 Qh4 37.Qc1 Rg3
38.Rg1 Rxg1 39.Qxg1+ Kh7 40.Qc1 Be8 41.Qc2 Kg6 42.Qc3  1/2-1/2

[Event "Las Palmas"]
[Site "Las Palmas"]
[Date "1973.??.??"]
[Round "7"]
[White "Kavalek, Lubomir"]
[Black "Diez del Corral, Jesus"]
[Result "1/2-1/2"]
[WhiteElo "2555"]
[BlackElo "2470"]

1.c4 Nf6 2.Nf3 g6 3.Nc3 Bg7 4.e4 d6 5.d4 O-O 6.h3 c6 7.Be3 a6 8.c5 b5 9.cxb6 Qxb6
10.Qc2 a5 11.Na4 Qa7 12.Bd3 Ba6 13.O-O Bxd3 14.Qxd3 Nbd7 15.Nd2 Qb7 16.Rfc1 Rfc8
17.Rc3 Qb5 18.Qc2 Ne8 19.Rc1 Ra6 20.Nc4 c5 21.Na3 Qb7 22.Qd3 Raa8 23.Rb3 Qc6
24.d5 Qxa4 25.Rc4 Ne5 26.Rxa4 Nxd3 27.Rxd3 Bxb2 28.Nc4 Rcb8 29.Bd2 Bd4 30.Kf1 Nf6
31.f3 Rb1+ 32.Ke2 Rg1 33.g4 Rh1 34.g5 Nh5 35.Rda3 Rh2+ 36.Kd1 Rxh3 37.Rxa5 Rxa5
38.Rxa5 Rxf3 39.a4 Ng3 40.Ra8+ Kg7 41.a5 Rf1+ 42.Kc2 Nxe4 43.Re8 Nxd2 44.Kxd2 Rf2+
45.Kd1 Bc3 46.Rxe7 Bxa5 47.Nxa5 Rf5 48.Nc4 Rxd5+ 49.Ke2 Kf8 50.Rd7 Rxg5 51.Nxd6 Re5+
52.Kf3 Re7 53.Rd8+ Kg7 54.Rc8 f5 55.Rxc5 Kf6 56.Nc4 h5 57.Ne3 Kg5 58.Rc1 Re5
59.Rc4 h4 60.Ng2  1/2-1/2

[Event "Las Palmas"]
[Site "Las Palmas"]
[Date "1973.??.??"]
[Round "7"]
[White "Petrosian, Tigran V"]
[Black "Darga, Klaus"]
[Result "1/2-1/2"]
[WhiteElo "2645"]
[BlackElo "2540"]

1.Nf3 Nf6 2.c4 b6 3.d3 c5 4.Nc3 Nc6 5.g3 Bb7 6.Bg2 e6 7.O-O Be7 8.e4 d6 9.Ne1 O-O
10.f4 Ne8 11.g4 Nc7 12.Nf3 d5 13.f5 dxc4 14.dxc4 Bd6  1/2-1/2

[Event "Las Palmas"]
[Site "Las Palmas"]
[Date "1973.??.??"]
[Round "7"]
[White "Gheorghiu, Florin"]
[Black "Huguet, Bernard"]
[Result "1-0"]
[WhiteElo "2520"]
[BlackElo "2255"]

1.e4 c5 2.Nf3 d6 3.d4 cxd4 4.Nxd4 Nf6 5.Nc3 e6 6.g4 h6 7.Rg1 Nc6 8.Be3 Qa5
9.Qd2 Nxd4 10.Bxd4 Bd7 11.f3 Bc6 12.Nb5 Qxd2+ 13.Kxd2 Bxb5 14.Bxb5+ Nd7 15.a4 a6
16.Be2 O-O-O 17.c3 Ne5 18.b4 Kc7 19.a5 Nd7 20.Rab1 e5 21.Bf2 Be7 22.Bc4 Rhf8
23.b5 axb5 24.Rxb5 Rb8 25.Rgb1 Nc5 26.Bd5  1-0

[Event "Las Palmas"]
[Site "Las Palmas"]
[Date "1973.??.??"]
[Round "8"]
[White "Diez del Corral, Jesus"]
[Black "Hort, Vlastimil"]
[Result "1/2-1/2"]
[WhiteElo "2470"]
[BlackElo "2600"]

1.e4 e6 2.d4 d5 3.Nc3 Bb4 4.e5 Qd7 5.a3 Bxc3+ 6.bxc3 b6 7.a4 Ba6 8.Bxa6 Nxa6
9.Qd3 Nb8 10.h4 Nc6 11.Nf3 Na5 12.h5 h6 13.Bf4 Ne7 14.Nd2 Qc6 15.Nb3 Nc4
16.O-O a5 17.Bc1 g6 18.Qf3 Rh7 19.Nd2 O-O-O 20.Nxc4 dxc4 21.Qxc6 Nxc6 22.hxg6 fxg6
23.Ba3 Rf7 24.f4 h5 25.Rf3 Rdd7 26.Kf2 Nd8 27.Rg1 Rh7 28.Rh3 Rh8 29.g4 Rf7
30.Ke3 c6  1/2-1/2

[Event "Las Palmas"]
[Site "Las Palmas"]
[Date "1973.??.??"]
[Round "8"]
[White "Calvo Minguez, Ricardo"]
[Black "Ree, Hans"]
[Result "1/2-1/2"]
[WhiteElo "2330"]
[BlackElo "2480"]

1.e4 e5 2.Nf3 Nc6 3.Bb5 a6 4.Ba4 Nf6 5.d4 exd4 6.e5 Ne4 7.O-O Be7 8.Nxd4 O-O
9.Nxc6 dxc6 10.Nd2 Nc5 11.Bb3 Nxb3 12.Nxb3 Qxd1 13.Rxd1 Bg4 14.Re1 Rad8 15.Be3 b6
16.Nd4 Bd7 17.c4 c5 18.Ne2 Bf5 19.Nf4 c6 20.h3 f6 21.exf6 Bxf6 22.g4 Bc8
23.Re2 g6 24.Rc1 a5 25.b3 Rd6 26.Ree1 Bg5 27.Ng2 Bxe3 28.Nxe3 Rd2 29.Rc2 Rfxf2
30.Rxd2 Rxd2 31.Nf1 Rd8 32.Re7 h5 33.Ne3 hxg4 34.hxg4 Bd7 35.Kf2 Kf8 36.Rh7 Be6
37.Rb7 b5 38.cxb5 cxb5 39.Rxb5 Rd2+ 40.Kf3 Rxa2 41.Kf4 Ra3 42.Nc4 Bxc4 43.bxc4 a4
44.Rxc5  1/2-1/2

[Event "Las Palmas"]
[Site "Las Palmas"]
[Date "1973.??.??"]
[Round "8"]
[White "Huguet, Bernard"]
[Black "Ljubojevic, Ljubomir"]
[Result "0-1"]
[WhiteElo "2255"]
[BlackElo "2550"]

1.Nf3 Nf6 2.c4 b6 3.g3 Bb7 4.Bg2 e6 5.O-O Be7 6.b3 O-O 7.Bb2 d5 8.d3 c5 9.Nbd2 Nc6
10.Qc2 d4 11.Rad1 Qd7 12.Qb1 Rad8 13.Ne1 Qc7 14.Nc2 Rfe8 15.Qa1 e5 16.Nf3 a6
17.e3 Nd7 18.exd4 cxd4 19.Rfe1 f5 20.Re2 Bf6 21.b4 b5 22.cxb5 axb5 23.a4 bxa4
24.Qxa4 Nb6 25.Qb3+ Kh8 26.Nd2 Ne7 27.Bxb7 Qxb7 28.f3 Ng6 29.Ra1 Bg5 30.Kf2 Bxd2
31.Rxd2 f4 32.g4 Nh4 33.Ne1 Nd5 34.Bc1 Ne3 35.Rda2 Nxg4+ 36.fxg4 Qh1 37.Ra7 Qxh2+
38.Kf1 e4 39.Qd1 e3  0-1